Sciopero e coalizione di Operai / (Record no. 159108)

MARC details
000 -LEADER
campo de control de longitud fija 00553nam a22001815i 4500
001 - NÚMERO DE CONTROL
campo de control 159108
003 - IDENTIFICADOR DE NÚMERO DE CONTROL
campo de control ES-MaACL
005 - FECHA Y HORA DE LA ÚLTIMA TRANSACCIÓN
campo de control 20230906211441.0
008 - DATOS DE LONGITUD FIJA--INFORMACIÓN GENERAL
campo de control de longitud fija 040916s1887 it |||| | ita d
040 ## - FUENTE DE CATALOGACIÓN
Centro catalogador/agencia de origen CAM
Lengua de catalogación spa
Centro/agencia transcriptor CAM
100 1# - ENTRADA PRINCIPAL--NOMBRE DE PERSONA
Nombre de persona Masé-Dari, E.
9 (RLIN) 129715
245 10 - MENCIÓN DEL TÍTULO
Título Sciopero e coalizione di Operai /
Mención de responsabilidad, etc. studio di E. Masé-Dari.
260 ## - PUBLICACIÓN, DISTRIBUCIÓN, ETC.
Lugar de publicación, distribución, etc. Torino :
Nombre del editor, distribuidor, etc. [s.n.],
Fecha de publicación, distribución, etc. 1887 (
Fabricante Stamperia Reale)
300 ## - DESCRIPCIÓN FÍSICA
Extensión XV, 327 p. ;
Dimensiones 20 cm.
650 #4 - PUNTO DE ACCESO ADICIONAL DE MATERIA--TÉRMINO DE MATERIA
Término de materia o nombre geográfico como elemento de entrada Huelgas.
9 (RLIN) 13489
752 ## - ENTRADA AGREGADA--NOMBRE JERÁRQUICO DEL LUGAR
País o entidad superior Italia -
Ciudad Turín
852 ## - LOCALIZACIÓN
Ubicación ES-MaACL
Número de control de estantería F-12549
Nota libre -- Enc. Pasta española
Holdings
Estatus retirado Estado de pérdida Estado de daño No para préstamo Colección Biblioteca de origen Biblioteca actual Ubicación en estantería Fecha de adquisición Fuente de adquisición Total de préstamos Signatura topográfica completa Código de barras Visto por última vez Precio de reemplazo Tipo de ítem Koha
        Libros del s. XIX Biblioteca del Ateneo de Madrid Biblioteca del Ateneo de Madrid Sala Pecera Planta 2 17/01/2008     F-12549 1166562 23/02/2023 23/02/2023 Libro impreso antiguo